El cronómetro de la muerte: historia de los sicópatas de Viña de Mar. Los últimos fusilados en Chile

Gespeichert in:
Bibliographische Detailangaben
1. Verfasser: Ruiz Lolas, Ricardo (VerfasserIn)
Format: Buch
Sprache:Spanisch
Veröffentlicht: San Felipe Amanecer 2004
Schlagworte:
Tags: Tag hinzufügen
Keine Tags, Fügen Sie den ersten Tag hinzu!

MARC

LEADER 00000nam a2200000 a 4500
001 UCI0629
003 CL-VaPUC
008 070518e20040000CL |||||||||||||||||spa|d
082 0 4 |a 179.7  |b RUI  |2 21 
100 0 |a Ruiz Lolas, Ricardo  |e author  |9 520782 
245 1 3 |a El cronómetro de la muerte: historia de los sicópatas de Viña de Mar. Los últimos fusilados en Chile 
300 |a 217 p 
942 |c BK 
945 |d 20070518 00:00:00  |a jtorresc 
260 |a San Felipe  |b Amanecer  |c 2004 
650 0 |a Pena de muerte  |9 256612 
650 7 |a CRIMINALES  |2 CL-VaPUC  |9 322996 
650 7 |a SICOPATAS  |2 CL-VaPUC  |9 520783 
650 0 |a Derechos humanos  |9 223025 
650 0 |a Derecho a la vida  |9 337220 
650 7 |a FUSILAMIENTO  |2 CL-VaPUC  |9 520784 
650 0 |a Historia  |9 255047 
651 7 |a VIÑA DE MAR  |2 CL-VaPUC  |9 496731 
651 7 |a CHILE  |2 CL-VaPUC  |9 520785 
583 |a last modification  |c 20070518 00:00:00  |k Rodrigo Vera 
999 |c 325702  |d 325700 
952 |0 0  |1 0  |4 0  |6 179_700000000000000_RUI_2004  |7 0  |8 A  |9 406972  |a BIBCUR  |b BIBCUR  |d 2019-11-22  |i 4342291  |o 179.7 RUI 2004  |p 4342291  |r 2025-04-22  |w 2019-11-22  |y BK  |k PER 
952 |0 0  |1 0  |4 0  |6 179_700000000000000_RUI_2004  |7 0  |8 A  |9 406973  |a BIBCUR  |b BIBCUR  |d 2019-11-22  |i 4342305  |o 179.7 RUI 2004  |p 4342305  |r 2025-04-22  |w 2019-11-22  |y BK  |k PER